| 000 | 00711nam a2200265Ia 4500 | ||
|---|---|---|---|
| 003 | OSt | ||
| 005 | 20221005085123.0 | ||
| 006 | a|||||r|||| 00| 0 | ||
| 007 | ta | ||
| 008 | 221004b |||||||| |||| 00| 0 eng d | ||
| 024 | _a54882 | ||
| 037 | _cTextual | ||
| 040 |
_aCRL _cCRL _beng |
||
| 041 |
_2eng _aeng |
||
| 082 | _aT:3, M2 | ||
| 100 |
_aKoskinen Patricia _9613965 |
||
| 245 | 0 |
_aTutoring _b A guide for success |
|
| 260 |
_aNew York _bColumbia Universty _c1982 |
||
| 300 |
_a56p. _ccm. |
||
| 650 |
_a TEACHING _934578 |
||
| 650 | _aEDUCATION | ||
| 700 |
_a Wilson Robert M _9613966 |
||
| 942 |
_hT:3, M2 _cTEXL _2cc |
||
| 999 |
_c993751 _d993751 |
||